Paroles - La demande de Zéro à Stella - Starmania - Statistiques

Statistiques générales
  • Ce quiz a été pris 11 fois
  • Le résultat moyen est 208 sur 256
Statistiques - réponses
Hints Réponse % Correct
de
100%
en
100%
entre
100%
est
100%
fini
100%
je
100%
Je
100%
me
100%
nous
100%
que
100%
Si
100%
si
100%
Tout
100%
tout
100%
Veux-tu
100%
A
88%
à
88%
ai
88%
argent
88%
Au
88%
au
88%
Avant
88%
bien
88%
ça
88%
carrière
88%
ce
88%
c'est
88%
des
88%
deux
88%
Eh
88%
époux ?
88%
Zéro Et
88%
étais-tu
88%
fais
88%
fait
88%
genoux
88%
gens
88%
heures
88%
Il
88%
important
88%
Stella J'en
88%
la
88%
88%
le
88%
les
88%
Les
88%
leur
88%
ma
88%
maintenant
88%
Maintenant
88%
m'en
88%
Zéro
88%
88%
Par
88%
par
88%
pas
88%
Pour
88%
pour
88%
prendre
88%
sa
88%
sais
88%
service
88%
soir
88%
Sur
88%
te
88%
ton
88%
très
88%
Tu
88%
tu
88%
va
88%
veulent
88%
villa
88%
agents
75%
âme
75%
as
75%
assez
75%
avoir
75%
bijoux
75%
blanc
75%
cent
75%
cette
75%
chez
75%
chinchilla
75%
comme
75%
coûte
75%
demande
75%
d'être
75%
devant
75%
dire
75%
du
75%
être
75%
fois
75%
fous
75%
Gourou
75%
grève
75%
j'allais
75%
Madame
75%
manteau
75%
Marabout ?
75%
mardi
75%
mens
75%
mes
75%
Mets
75%
Moi
75%
moins
75%
mon
75%
n'me
75%
Non
75%
On
75%
passés
75%
pendant
75%
psychiatre
75%
qui
75%
respires
75%
retard
75%
rêve
75%
secrets
75%
semaine
75%
soigner
75%
soirée
75%
son
75%
sont
75%
sou
75%
t'ai
75%
Tous
75%
un
75%
une
75%
vais
75%
vas
75%
vendais
75%
vends
75%
viennent
75%
y
75%
cancer
63%
chauffeur
63%
coiffeur
63%
complètement
63%
compter
63%
congé
63%
coûtait
63%
dis
63%
donne
63%
espionner
63%
faire
63%
Stella Faut
63%
J'ai
63%
Stella J'arrive
63%
j'm'occupe
63%
Peux-tu
63%
profit
63%
pu
63%
qu'il
63%
recherches
63%
rendait
63%
Sans
63%
schizophrène
63%
taxi
63%
trouver
63%
vérité
63%
vice
63%
dansante
50%
été
50%
mentir
50%
m'impatiente
50%
pouvais
50%
seulement
50%
t'habiller
50%
vérifier
50%
voulais
50%
d'aller
38%
Dépêche-toi
38%
Viens
13%
Aucun quiz correspondant
Distribution des résultats
% des personnes avec chaque résultat
Percentile par nombre de réponses
Votre historique - résultats
Vous n’avez pas pris ce quiz